[Event "DEM U18 2025"]
[Site "Willingen GER"]
[Date "2025.06.13"]
[Round "8"]
[White "Englert, Luca"]
[Black "Strehse, Nelson"]
[Result "1-0"]
[Termination "normal"]
[Board "5"]
[WhiteTitle "FM"]
[WhiteElo "2333"]
[BlackElo "2168"]
[WhiteClock "00:01:33"]
[BlackClock "00:00:52"]
[PlyCount "167"]
[WhiteFideId "16293088"]
[BlackFideId "16228898"]
[EventCountry "GER"]
[EventRounds "9"]
[EventType "swiss"]
[EventDate "2025.06.07"]

1. c4 {[%clk 01:30:58]} {[%emt 00:00:01]} Nf6 {[%clk 01:30:54]} {[%emt
00:00:08]} 2. g3 {[%clk 01:31:19]} {[%emt 00:00:09]} c6 {[%emt 00:00:38]} 3.
Bg2 {[%clk 01:31:10]} {[%emt 00:00:07]} d5 {[%emt 00:00:42]} 4. d4 {[%clk
01:26:28]} {[%emt 00:10:40]} Bf5 5. Qb3 {[%emt 00:06:35]} Qb6 {[%emt 00:01:27]}
6. Qxb6 {[%clk 01:25:38]} {[%emt 00:00:06]} axb6 {[%emt 00:00:14]} 7. cxd5
{[%clk 01:26:11]} {[%emt 00:00:13]} cxd5 8. Nc3 {[%emt 00:02:22]} e6 {[%emt
00:06:55]} 9. f3 {[%emt 00:03:30]} Bb4 {[%emt 00:07:21]} 10. e3 {[%clk
01:12:22]} {[%emt 00:00:47]} Nc6 {[%clk 01:15:31]} {[%emt 00:01:11]} 11. Nge2
{[%clk 01:11:51]} Na5 {[%clk 01:11:56]} {[%emt 00:05:07]} 12. Bd2 {[%clk
01:02:51]} Nc4 {[%clk 00:57:14]} {[%emt 00:24:41]} 13. b3 {[%clk 00:56:38]}
Nxd2 {[%clk 00:56:39]} {[%emt 00:07:49]} 14. Kxd2 {[%clk 00:57:06]} Kd7 {[%clk
00:56:29]} {[%emt 00:00:40]} 15. a4 {[%clk 00:55:55]} Rhc8 {[%clk 00:55:11]}
{[%emt 00:03:30]} 16. Rhc1 {[%emt 00:07:41]} Rc7 17. g4 {[%clk 00:54:49]} Bg6
{[%clk 00:49:10]} {[%emt 00:01:26]} 18. g5 {[%clk 00:52:57]} {[%emt 00:02:23]}
Nh5 {[%clk 00:41:29]} {[%emt 00:08:10]} 19. Kd1 {[%clk 00:45:31]} {[%emt
00:07:57]} Rac8 {[%clk 00:38:59]} {[%emt 00:02:59]} 20. Nxd5 {[%clk 00:32:34]}
{[%emt 00:13:27]} Rxc1+ {[%clk 00:27:29]} {[%emt 00:12:00]} 21. Nxc1 {[%clk
00:33:04]} exd5 {[%clk 00:27:53]} {[%emt 00:00:07]} 22. Bh3+ {[%clk 00:33:29]}
{[%emt 00:00:05]} Kd8 {[%clk 00:28:03]} {[%emt 00:00:18]} 23. Bxc8 {[%clk
00:33:54]} {[%emt 00:00:06]} Kxc8 {[%clk 00:27:47]} {[%emt 00:00:46]} 24. Na2
{[%clk 00:32:42]} {[%emt 00:01:43]} Be7 {[%clk 00:20:42]} {[%emt 00:07:34]} 25.
Nc3 {[%clk 00:32:59]} {[%emt 00:00:14]} Bxg5 {[%clk 00:15:57]} {[%emt
00:05:13]} 26. Nxd5 {[%clk 00:33:16]} {[%emt 00:00:14]} Bd8 {[%clk 00:15:43]}
{[%emt 00:00:44]} 27. Kd2 {[%clk 00:32:13]} {[%emt 00:01:33]} f5 {[%clk
00:12:28]} {[%emt 00:03:44]} 28. Nb4 {[%clk 00:29:37]} {[%emt 00:03:08]} Bf7
{[%clk 00:10:56]} {[%emt 00:02:01]} 29. Kc3 {[%clk 00:28:11]} {[%emt 00:01:56]}
Nf6 {[%clk 00:11:01]} {[%emt 00:00:25]} 30. Nd3 {[%clk 00:27:54]} {[%emt
00:00:47]} Nd5+ {[%clk 00:10:04]} {[%emt 00:01:26]} 31. Kd2 {[%clk 00:28:14]}
{[%emt 00:00:11]} Bg5 {[%clk 00:10:20]} {[%emt 00:00:13]} 32. Rc1+ {[%clk
00:24:24]} {[%emt 00:04:21]} Kd8 {[%clk 00:10:37]} {[%emt 00:00:09]} 33. f4
{[%clk 00:24:08]} {[%emt 00:00:50]} Be7 {[%clk 00:06:23]} {[%emt 00:04:43]} 34.
Ne5 {[%clk 00:24:08]} {[%emt 00:00:31]} Be6 {[%clk 00:06:29]} {[%emt 00:00:23]}
35. Nc4 {[%clk 00:22:50]} {[%emt 00:01:49]} Kc7 {[%clk 00:03:00]} {[%emt
00:03:56]} 36. Ke2 {[%clk 00:20:42]} {[%emt 00:02:41]} Kd7 {[%clk 00:01:45]}
{[%emt 00:01:44]} 37. Kf3 {[%clk 00:19:53]} {[%emt 00:01:20]} Bd8 {[%clk
00:02:01]} {[%emt 00:00:13]} 38. Ke2 {[%clk 00:09:28]} {[%emt 00:10:56]} Ke7
{[%clk 00:02:24]} {[%emt 00:00:06]} 39. Kd3 {[%clk 00:09:37]} {[%emt 00:00:22]}
Nb4+ {[%clk 00:02:37]} {[%emt 00:00:16]} 40. Kd2 {[%clk 00:09:32]} {[%emt
00:00:36]} Nd5 {[%clk 00:02:58]} {[%emt 00:00:08]} 41. Ra1 {[%clk 00:06:28]}
{[%emt 00:03:34]} Nb4 {[%clk 00:28:42]} {[%emt 00:04:43]} 42. Re1 {[%clk
00:30:13]} {[%emt 00:06:48]} Bc7 {[%clk 00:27:48]} {[%emt 00:01:23]} 43. Kc3
{[%clk 00:26:34]} {[%emt 00:04:10]} Nd5+ {[%clk 00:28:10]} {[%emt 00:00:07]}
44. Kb2 {[%clk 00:26:54]} {[%emt 00:00:11]} h6 {[%clk 00:26:25]} {[%emt
00:02:14]} 45. h4 {[%clk 00:26:27]} {[%emt 00:00:58]} Bd8 {[%clk 00:25:53]}
{[%emt 00:01:02]} 46. Rg1 {[%clk 00:24:42]} {[%emt 00:02:15]} Kf8 {[%clk
00:25:51]} {[%emt 00:00:31]} 47. Rh1 {[%clk 00:18:56]} {[%emt 00:06:17]} Nf6
{[%clk 00:22:54]} {[%emt 00:03:26]} 48. Rc1 {[%clk 00:13:10]} {[%emt 00:06:18]}
Nd5 {[%clk 00:19:06]} {[%emt 00:04:15]} 49. Rh1 {[%clk 00:08:00]} {[%emt
00:05:43]} Bc7 {[%clk 00:15:25]} {[%emt 00:04:10]} 50. Kc2 {[%clk 00:07:43]}
{[%emt 00:00:47]} Nf6 {[%clk 00:15:28]} {[%emt 00:00:25]} 51. Kd3 {[%clk
00:06:47]} {[%emt 00:01:28]} Bd8 {[%clk 00:13:24]} {[%emt 00:02:34]} 52. b4
{[%clk 00:04:47]} {[%emt 00:02:31]} Ne4 {[%clk 00:12:20]} {[%emt 00:01:34]} 53.
Rh2 {[%clk 00:04:12]} {[%emt 00:01:05]} Bd5 {[%clk 00:08:52]} {[%emt 00:03:56]}
54. Rc2 {[%clk 00:00:47]} {[%emt 00:03:57]} Ke8 {[%clk 00:08:20]} {[%emt
00:01:02]} 55. a5 {[%clk 00:00:36]} {[%emt 00:00:41]} bxa5 {[%clk 00:07:12]}
{[%emt 00:01:38]} 56. bxa5 {[%clk 00:00:51]} {[%emt 00:00:14]} Bxh4 {[%clk
00:06:46]} {[%emt 00:00:55]} 57. Nb6 {[%clk 00:00:37]} {[%emt 00:00:46]} Nf6
{[%clk 00:00:33]} {[%emt 00:06:42]} 58. Rc8+ {[%clk 00:00:39]} {[%emt
00:00:28]} Ke7 {[%clk 00:00:54]} {[%emt 00:00:09]} 59. Nxd5+ {[%clk 00:00:34]}
{[%emt 00:00:35]} Nxd5 {[%clk 00:01:22]} 60. Rb8 {[%clk 00:00:59]} {[%emt
00:00:07]} Kd6 {[%clk 00:01:05]} {[%emt 00:00:46]} 61. Rxb7 {[%clk 00:01:13]}
{[%emt 00:00:15]} g5 {[%clk 00:00:51]} {[%emt 00:00:44]} 62. a6 {[%clk
00:00:49]} {[%emt 00:00:54]} Kc6 {[%clk 00:01:01]} {[%emt 00:00:21]} 63. Rh7
{[%clk 00:01:04]} {[%emt 00:00:13]} Nb4+ {[%clk 00:01:03]} {[%emt 00:00:29]}
64. Kc4 {[%clk 00:01:34]} Nxa6 {[%clk 00:01:30]} {[%emt 00:00:04]} 65. d5+
{[%clk 00:01:54]} {[%emt 00:00:09]} Kb6 {[%clk 00:01:45]} {[%emt 00:00:16]} 66.
Rxh6+ {[%clk 00:02:03]} {[%emt 00:00:21]} Kb7 {[%clk 00:02:14]} {[%emt
00:00:01]} 67. Rh7+ {[%clk 00:01:32]} {[%emt 00:01:01]} Kb6 {[%clk 00:02:40]}
{[%emt 00:00:04]} 68. Rh6+ {[%clk 00:01:21]} {[%emt 00:00:40]} Kb7 {[%clk
00:03:10]} {[%emt 00:00:01]} 69. Rh5 {[%clk 00:01:35]} {[%emt 00:00:16]} gxf4
{[%clk 00:02:52]} {[%emt 00:00:47]} 70. exf4 {[%clk 00:01:24]} {[%emt
00:00:41]} Bd8 {[%clk 00:01:48]} {[%emt 00:01:33]} 71. Rxf5 {[%clk 00:01:47]}
{[%emt 00:00:08]} Kc7 {[%clk 00:02:11]} {[%emt 00:00:06]} 72. Rh5 {[%clk
00:01:43]} {[%emt 00:00:35]} Nb8 {[%clk 00:02:12]} {[%emt 00:00:30]} 73. Rh6
{[%clk 00:00:54]} {[%emt 00:01:19]} Be7 {[%clk 00:01:40]} {[%emt 00:01:03]} 74.
Kd4 {[%clk 00:00:44]} {[%emt 00:00:38]} Nd7 {[%clk 00:01:35]} {[%emt 00:00:36]}
75. Rc6+ {[%clk 00:01:08]} {[%emt 00:00:06]} Kd8 {[%clk 00:00:33]} {[%emt
00:01:32]} 76. d6 {[%clk 00:01:11]} {[%emt 00:00:27]} Bh4 {[%clk 00:00:51]}
{[%emt 00:00:11]} 77. Kd5 {[%clk 00:01:16]} {[%emt 00:00:25]} Bg3 {[%clk
00:00:53]} {[%emt 00:00:27]} 78. f5 {[%clk 00:01:39]} {[%emt 00:00:09]} Bh4
{[%clk 00:00:33]} {[%emt 00:00:50]} 79. Ra6 {[%clk 00:01:54]} {[%emt 00:00:14]}
Ke8 {[%clk 00:00:52]} {[%emt 00:00:11]} 80. Ra7 {[%clk 00:01:30]} {[%emt
00:00:54]} Bg5 {[%clk 00:01:05]} {[%emt 00:00:17]} 81. Kc6 {[%clk 00:01:06]}
{[%emt 00:00:54]} Ne5+ {[%clk 00:01:23]} {[%emt 00:00:13]} 82. Kc7 {[%clk
00:00:46]} {[%emt 00:00:50]} Bd8+ {[%clk 00:01:33]} {[%emt 00:00:19]} 83. Kc8
{[%clk 00:01:09]} {[%emt 00:00:07]} Bb6 {[%clk 00:00:52]} {[%emt 00:01:12]} 84.
Re7 {[%clk 00:01:33]} {[%emt 00:00:05]} 1-0

[Event "DEM U18 2025"]
[Site "Willingen GER"]
[Date "2025.06.13"]
[Round "8"]
[White "Möller, Maurin"]
[Black "Stichter, Constantin Paul"]
[Result "1-0"]
[Termination "normal"]
[Board "6"]
[WhiteTitle "FM"]
[BlackTitle "CM"]
[WhiteElo "2336"]
[BlackElo "2216"]
[WhiteClock "00:33:50"]
[BlackClock "00:29:57"]
[PlyCount "87"]
[WhiteFideId "16265696"]
[BlackFideId "34603140"]
[EventCountry "GER"]
[EventRounds "9"]
[EventType "swiss"]
[EventDate "2025.06.07"]

1. e4 {[%clk 01:30:54]} {[%emt 00:00:06]} e6 {[%clk 01:30:59]} {[%emt
00:00:01]} 2. d4 {[%clk 01:31:16]} {[%emt 00:00:08]} d5 {[%clk 01:31:27]}
{[%emt 00:00:02]} 3. Nc3 {[%clk 01:31:37]} {[%emt 00:00:07]} Nf6 {[%clk
01:31:54]} {[%emt 00:00:04]} 4. e5 {[%clk 01:32:02]} {[%emt 00:00:06]} Nfd7
{[%clk 01:32:21]} {[%emt 00:00:03]} 5. f4 {[%clk 01:32:15]} {[%emt 00:00:16]}
c5 {[%clk 01:32:46]} {[%emt 00:00:05]} 6. Nf3 {[%clk 01:32:39]} {[%emt
00:00:05]} Nc6 {[%clk 01:33:14]} {[%emt 00:00:03]} 7. Ne2 {[%clk 01:32:15]}
{[%emt 00:00:53]} Be7 {[%clk 01:25:29]} {[%emt 00:08:16]} 8. Be3 {[%clk
01:32:10]} {[%emt 00:00:35]} a5 {[%clk 01:19:43]} {[%emt 00:06:16]} 9. a4
{[%clk 01:06:44]} {[%emt 00:25:56]} cxd4 {[%clk 01:05:33]} {[%emt 00:14:40]}
10. Nexd4 {[%clk 01:06:47]} {[%emt 00:00:26]} O-O {[%clk 01:01:45]} {[%emt
00:04:19]} 11. c3 {[%clk 00:54:45]} {[%emt 00:12:32]} Nc5 {[%clk 00:59:15]}
{[%emt 00:03:00]} 12. Be2 {[%clk 00:50:48]} {[%emt 00:04:26]} Ne4 {[%clk
00:37:18]} {[%emt 00:22:28]} 13. O-O {[%clk 00:42:53]} {[%emt 00:08:24]} Nxd4
{[%clk 00:27:31]} {[%emt 00:10:18]} 14. Nxd4 {[%clk 00:37:40]} {[%emt
00:05:42]} f5 {[%clk 00:25:47]} {[%emt 00:02:14]} 15. exf6 {[%clk 00:38:03]}
{[%emt 00:00:07]} Rxf6 {[%clk 00:22:31]} {[%emt 00:03:46]} 16. Bd3 {[%clk
00:33:47]} {[%emt 00:04:46]} Bd7 {[%clk 00:10:50]} {[%emt 00:12:12]} 17. Qc2
{[%clk 00:21:55]} {[%emt 00:12:22]} Bc5 {[%clk 00:10:23]} {[%emt 00:00:57]} 18.
Bxe4 {[%clk 00:18:58]} {[%emt 00:03:27]} dxe4 {[%clk 00:10:46]} {[%emt
00:00:07]} 19. Qxe4 {[%clk 00:19:24]} {[%emt 00:00:04]} Bxd4 {[%clk 00:10:42]}
{[%emt 00:00:34]} 20. Bxd4 {[%clk 00:19:48]} {[%emt 00:00:05]} Rg6 {[%clk
00:10:29]} {[%emt 00:00:44]} 21. Rf2 {[%clk 00:19:10]} {[%emt 00:01:07]} Bc6
{[%clk 00:10:24]} {[%emt 00:00:36]} 22. Qe5 {[%clk 00:18:51]} {[%emt 00:00:48]}
Qd5 {[%clk 00:10:29]} {[%emt 00:00:26]} 23. Qxd5 {[%clk 00:19:13]} {[%emt
00:00:08]} Bxd5 {[%clk 00:10:34]} {[%emt 00:00:26]} 24. Rd2 {[%clk 00:17:50]}
{[%emt 00:01:53]} Rc8 {[%clk 00:03:54]} {[%emt 00:07:11]} 25. Ra3 {[%clk
00:17:34]} {[%emt 00:00:44]} Rh6 {[%clk 00:01:09]} {[%emt 00:03:15]} 26. b3
{[%clk 00:17:18]} {[%emt 00:00:46]} Rh5 {[%clk 00:01:24]} {[%emt 00:00:16]} 27.
c4 {[%clk 00:17:21]} {[%emt 00:00:26]} Bc6 {[%clk 00:01:38]} {[%emt 00:00:17]}
28. Ra1 {[%clk 00:14:04]} {[%emt 00:03:46]} Rf5 {[%clk 00:01:17]} {[%emt
00:00:51]} 29. Be5 {[%clk 00:13:00]} {[%emt 00:01:34]} h5 {[%clk 00:00:43]}
{[%emt 00:01:04]} 30. Rad1 {[%clk 00:12:52]} {[%emt 00:00:38]} Rff8 {[%clk
00:00:43]} {[%emt 00:00:31]} 31. Rd6 {[%clk 00:11:43]} {[%emt 00:01:40]} Rce8
{[%clk 00:00:36]} {[%emt 00:00:36]} 32. g3 {[%clk 00:11:44]} {[%emt 00:00:29]}
Rf7 {[%clk 00:00:34]} {[%emt 00:00:33]} 33. Kf2 {[%clk 00:11:48]} {[%emt
00:00:26]} g5 {[%clk 00:00:36]} {[%emt 00:00:28]} 34. Ke3 {[%clk 00:11:51]}
{[%emt 00:00:25]} gxf4+ {[%clk 00:00:39]} {[%emt 00:00:29]} 35. gxf4 {[%clk
00:12:01]} {[%emt 00:00:19]} Kh7 {[%clk 00:00:41]} {[%emt 00:00:29]} 36. Rg1
{[%clk 00:12:05]} {[%emt 00:00:25]} Rfe7 {[%clk 00:00:33]} {[%emt 00:00:38]}
37. Rg5 {[%clk 00:11:59]} {[%emt 00:00:35]} Kh6 {[%clk 00:00:52]} {[%emt
00:00:12]} 38. h4 {[%clk 00:10:48]} {[%emt 00:01:41]} Rd7 {[%clk 00:00:45]}
{[%emt 00:00:38]} 39. Rxd7 {[%clk 00:08:45]} {[%emt 00:02:32]} Bxd7 {[%clk
00:01:14]} {[%emt 00:00:02]} 40. Bg7+ {[%clk 00:09:01]} {[%emt 00:00:13]} Kh7
{[%clk 00:01:33]} {[%emt 00:00:12]} 41. Bc3 {[%clk 00:09:21]} {[%emt 00:00:09]}
Bc6 {[%clk 00:29:38]} {[%emt 00:02:26]} 42. Rxh5+ {[%clk 00:35:49]} {[%emt
00:04:02]} Kg6 {[%clk 00:29:34]} {[%emt 00:00:35]} 43. Rg5+ {[%clk 00:36:02]}
{[%emt 00:00:16]} Kf7 {[%clk 00:29:57]} {[%emt 00:00:06]} 44. h5 {[%clk
00:33:50]} {[%emt 00:02:42]} 1-0

[Event "DEM U18 2025"]
[Site "Willingen GER"]
[Date "2025.06.13"]
[Round "8"]
[White "Fuhrmann, Bahne"]
[Black "Beyer, Lorenz"]
[Result "1-0"]
[Termination "normal"]
[Board "7"]
[WhiteTitle "FM"]
[WhiteElo "2256"]
[BlackElo "2226"]
[WhiteClock "00:25:21"]
[BlackClock "00:35:11"]
[PlyCount "93"]
[WhiteFideId "16244842"]
[BlackFideId "16245393"]
[EventCountry "GER"]
[EventRounds "9"]
[EventType "swiss"]
[EventDate "2025.06.07"]

1. d4 {[%clk 01:30:57]} {[%emt 00:00:02]} d5 {[%clk 01:30:50]} {[%emt
00:00:11]} 2. g3 {[%clk 01:31:23]} {[%emt 00:00:04]} e6 {[%clk 01:31:16]}
{[%emt 00:00:04]} 3. Nf3 {[%clk 01:31:37]} {[%emt 00:00:15]} Nf6 {[%clk
01:31:40]} {[%emt 00:00:07]} 4. Bg2 {[%clk 01:32:03]} {[%emt 00:00:04]} Be7
{[%clk 01:32:07]} {[%emt 00:00:03]} 5. O-O {[%clk 01:32:27]} {[%emt 00:00:07]}
O-O {[%clk 01:32:34]} {[%emt 00:00:03]} 6. c4 {[%clk 01:32:53]} {[%emt
00:00:03]} a5 {[%clk 01:33:01]} {[%emt 00:00:03]} 7. Qc2 {[%clk 01:30:56]}
{[%emt 00:02:27]} Nc6 {[%clk 01:32:15]} {[%emt 00:01:16]} 8. a3 {[%clk
01:25:50]} {[%emt 00:05:36]} dxc4 {[%clk 01:32:09]} {[%emt 00:00:36]} 9. Qxc4
{[%clk 01:20:39]} {[%emt 00:05:41]} a4 {[%clk 01:32:32]} {[%emt 00:00:07]} 10.
Nc3 {[%clk 01:19:42]} {[%emt 00:01:26]} Bd7 {[%clk 01:33:00]} {[%emt 00:00:03]}
11. Bf4 {[%clk 01:16:58]} {[%emt 00:03:15]} Na5 {[%clk 01:30:26]} {[%emt
00:03:04]} 12. Qxc7 {[%clk 01:04:16]} {[%emt 00:13:12]} Qxc7 {[%clk 01:30:54]}
{[%emt 00:00:02]} 13. Bxc7 {[%clk 01:04:37]} {[%emt 00:00:08]} Nb3 {[%clk
01:31:21]} {[%emt 00:00:03]} 14. Rad1 {[%clk 01:04:19]} {[%emt 00:00:47]} Rfc8
{[%clk 01:31:50]} {[%emt 00:00:02]} 15. Bf4 {[%clk 01:02:02]} {[%emt 00:02:48]}
Bxa3 {[%clk 01:31:34]} {[%emt 00:00:45]} 16. Nxa4 {[%clk 00:50:21]} {[%emt
00:12:11]} Rxa4 {[%clk 01:21:10]} {[%emt 00:10:53]} 17. bxa3 {[%clk 00:50:44]}
{[%emt 00:00:08]} Bc6 {[%clk 01:13:50]} {[%emt 00:07:50]} 18. Rd3 {[%clk
00:40:58]} {[%emt 00:10:16]} Bd5 {[%clk 01:02:46]} {[%emt 00:11:34]} 19. Rb1
{[%clk 00:38:02]} {[%emt 00:03:26]} Na5 {[%clk 00:59:43]} {[%emt 00:03:33]} 20.
Nd2 {[%clk 00:31:44]} {[%emt 00:06:49]} Bxg2 {[%clk 00:53:14]} {[%emt
00:06:58]} 21. Kxg2 {[%clk 00:32:09]} {[%emt 00:00:05]} Nd5 {[%clk 00:53:16]}
{[%emt 00:00:28]} 22. Bd6 {[%clk 00:29:04]} {[%emt 00:03:35]} Rc2 {[%clk
00:45:37]} {[%emt 00:08:08]} 23. Rb5 {[%clk 00:22:17]} {[%emt 00:07:18]} h6
{[%clk 00:37:47]} {[%emt 00:08:20]} 24. e4 {[%clk 00:21:53]} {[%emt 00:00:54]}
Nf6 {[%clk 00:37:19]} {[%emt 00:00:58]} 25. Kf3 {[%clk 00:22:04]} {[%emt
00:00:19]} Rxd2 {[%clk 00:33:57]} {[%emt 00:03:52]} 26. Rxd2 {[%clk 00:20:22]}
{[%emt 00:02:11]} Nc4 {[%clk 00:33:50]} {[%emt 00:00:37]} 27. Bb4 {[%clk
00:13:56]} {[%emt 00:06:56]} Nxd2+ {[%clk 00:32:22]} {[%emt 00:01:58]} 28. Bxd2
{[%clk 00:14:19]} {[%emt 00:00:07]} Rxd4 {[%clk 00:30:18]} {[%emt 00:02:35]}
29. Bb4 {[%clk 00:13:59]} {[%emt 00:00:49]} Rd7 {[%clk 00:30:16]} {[%emt
00:00:31]} 30. h4 {[%clk 00:13:11]} {[%emt 00:01:19]} Ne8 {[%clk 00:26:11]}
{[%emt 00:04:36]} 31. Rb6 {[%clk 00:10:49]} {[%emt 00:02:52]} h5 {[%clk
00:22:39]} {[%emt 00:04:01]} 32. Kf4 {[%clk 00:09:11]} {[%emt 00:02:07]} Rc7
{[%clk 00:19:31]} {[%emt 00:03:39]} 33. Rb5 {[%clk 00:08:26]} {[%emt 00:01:15]}
f6 {[%clk 00:14:36]} {[%emt 00:05:24]} 34. Ke3 {[%clk 00:05:42]} {[%emt
00:03:14]} e5 {[%clk 00:13:30]} {[%emt 00:01:37]} 35. f4 {[%clk 00:05:42]}
{[%emt 00:00:29]} exf4+ {[%clk 00:13:37]} {[%emt 00:00:23]} 36. gxf4 {[%clk
00:06:07]} {[%emt 00:00:05]} g6 {[%clk 00:13:49]} {[%emt 00:00:18]} 37. e5
{[%clk 00:04:27]} {[%emt 00:02:10]} Kf7 {[%clk 00:13:51]} {[%emt 00:00:28]} 38.
Rb6 {[%clk 00:04:23]} {[%emt 00:00:34]} fxe5 {[%clk 00:11:40]} {[%emt
00:02:40]} 39. fxe5 {[%clk 00:04:45]} {[%emt 00:00:09]} Ng7 {[%clk 00:07:12]}
{[%emt 00:04:58]} 40. Rf6+ {[%clk 00:04:05]} {[%emt 00:01:11]} Ke8 {[%clk
00:07:40]} {[%emt 00:00:03]} 41. e6 {[%clk 00:27:06]} {[%emt 00:07:28]} Nf5+
{[%clk 00:36:01]} {[%emt 00:02:09]} 42. Kd3 {[%clk 00:25:39]} {[%emt 00:01:57]}
Ne7 {[%clk 00:35:39]} {[%emt 00:00:51]} 43. Rf7 {[%clk 00:25:33]} {[%emt
00:00:36]} b5 {[%clk 00:35:27]} {[%emt 00:00:42]} 44. Bd6 {[%clk 00:25:07]}
{[%emt 00:00:57]} Ra7 {[%clk 00:35:20]} {[%emt 00:00:37]} 45. Rh7 {[%clk
00:25:04]} {[%emt 00:00:32]} Kf8 {[%clk 00:34:47]} {[%emt 00:01:03]} 46. Rh8+
{[%clk 00:25:21]} {[%emt 00:00:13]} Kg7 {[%clk 00:35:11]} {[%emt 00:00:06]} 47.
Be5# {[%emt 00:00:03]} 1-0